Sports Quiz

Random Sports or MLB Quiz

MLB 50+ Double Seasons Quiz Stats

 Plays Quiz Updated Nov 17, 2016

Also try: MLB 3,000 Hit Club
Challenge
Share
Tweet
Embed
Score 0/95 Timer 15:00
0 Plays Today
Doubles Answer % Correct
52Miguel Cabrera
78.1%
54Alex Rodriguez
74.6%
51Albert Pujols
74.1%
51Albert Pujols
74.1%
50Albert Pujols
74.1%
56Craig Biggio
74%
51Craig Biggio
74%
59Todd Helton
72.2%
54Todd Helton
72.2%
52Lou Gehrig
70.6%
50Miguel Cabrera
70.3%
50Aramis Ramirez
69.4%
53Stan Musial
68.2%
51Stan Musial
68.2%
50Stan Musial
68.2%
55Gee Walker
65.7%
51Pete Rose
65.5%
52Luis Gonzalez
64.4%
50Juan Gonzalez
64.4%
52David Ortiz
63.6%
52Edgar Martinez
62.5%
52Edgar Martinez
62.5%
52Albert Belle
54.3%
56Garret Anderson
54%
59Tris Speaker
51.6%
53Tris Speaker
51.6%
52Tris Speaker
51.6%
52Tris Speaker
51.6%
50Tris Speaker
51.6%
51Beau Bell
51.5%
51Frank Robinson
51.3%
63Hank Greenberg
49.7%
Doubles Answer % Correct
50Hank Greenberg
49.7%
54Dustin Pedroia
48.9%
51Wade Boggs
48.9%
55Lance Berkman
47.9%
53Don Mattingly
47.4%
57Carlos Delgado
45.9%
56Nomar Garciaparra
44.6%
51Nomar Garciaparra
44.6%
50Derrek Lee
43.5%
52Michael Young
41.5%
50Matt Holliday
41.1%
51Nap Lajoie
40.5%
62Paul Waner
37.5%
53Paul Waner
37.5%
50Paul Waner
37.5%
50Miguel Tejada
34.3%
56Brian Roberts
34%
51Brian Roberts
34%
50Brian Roberts
34%
54Magglio Ordonez
33.6%
55Matt Carpenter
33.4%
60Charlie Gehringer
33.2%
50Charlie Gehringer
33.2%
54John Olerud
33%
51Alex Gordon
31.7%
51Alfonso Soriano
31.7%
51Manny Machado
31%
51Mark Grace
27.7%
59Chuck Klein
27.5%
50Chuck Klein
27.5%
64Joe Medwick
26.7%
56Joe Medwick
26.7%
Doubles Answer % Correct
53Al Simmons
26.1%
53Jonathan Lucroy
25.9%
53Grady Sizemore
24.8%
51Billy Butler
24.7%
50Bobby Abreu
23.7%
51Jose Vidro
22.6%
54Hal McRae
21.7%
52Tip O'Neill
19.1%
52Enos Slaughter
17.4%
55Ed Delahanty
17.3%
50Harry Heilmann
16.2%
53Freddy Sanchez
15.9%
67Earl Webb
15.4%
56George Kell
13.6%
57Billy Herman
12.7%
57Billy Herman
12.7%
51Joe Cronin
12%
50Kiki Cuyler
10%
53Lyle Overbay
8%
54Mark Grudzielanek
7.3%
51Hugh Duffy
7.3%
53Jeff Cirillo
6.3%
64George Burns
6.2%
51George Burns
6.2%
51Mickey Vernon
6.2%
50Ben Chapman
3.7%
51Baby Doll Jacobson
2.6%
52Johnny Frederick
2.4%
51Johnny Hodapp
2.4%
50Stan Spence
2.2%
50Odell Hale
2%

You're not logged in!

Compare scores with friends on all Sporcle quizzes.
Join for Free
OR
Log In

You Might Also Like...

Show Comments

Extras

Top Quizzes Today


Score Distribution

Your Account Isn't Verified!

In order to create a playlist on Sporcle, you need to verify the email address you used during registration. Go to your Sporcle Settings to finish the process.

Report this User

Report this user for behavior that violates our Community Guidelines.

Details: